<?xml version="1.0" encoding="UTF-8"?>
<record
    xmlns:xsi="http://www.w3.org/2001/XMLSchema-instance"
    xsi:schemaLocation="http://www.loc.gov/MARC21/slim http://www.loc.gov/standards/marcxml/schema/MARC21slim.xsd"
    xmlns="http://www.loc.gov/MARC21/slim">

  <leader>01147cam a22002771a 4500</leader>
  <controlfield tag="001">ne 66002037 </controlfield>
  <controlfield tag="003">DLC</controlfield>
  <controlfield tag="005">20260227111828.0</controlfield>
  <controlfield tag="008">890117m19649999ua       d    000 0 arar </controlfield>
  <datafield tag="010" ind1=" " ind2=" ">
    <subfield code="a">ne 66002037 </subfield>
  </datafield>
  <datafield tag="035" ind1=" " ind2=" ">
    <subfield code="a">(OCoLC)19027537</subfield>
  </datafield>
  <datafield tag="040" ind1=" " ind2=" ">
    <subfield code="a">DLC</subfield>
    <subfield code="c">PPAnR</subfield>
    <subfield code="d">PPAnR</subfield>
    <subfield code="d">DGU</subfield>
    <subfield code="d">DLC</subfield>
  </datafield>
  <datafield tag="050" ind1="0" ind2="0">
    <subfield code="a">PJ6620</subfield>
    <subfield code="b">.A9</subfield>
  </datafield>
  <datafield tag="100" ind1="1" ind2=" ">
    <subfield code="a">Azhar&#x12B;, Mu&#x1E25;ammad ibn A&#x1E25;mad,</subfield>
    <subfield code="d">895 or 896-980 or 981.</subfield>
  </datafield>
  <datafield tag="245" ind1="1" ind2="0">
    <subfield code="a">&#x1E6C;ahdh&#x12B;b al-lughah /</subfield>
    <subfield code="c">li-Ab&#x12B; Man&#x1E63;&#x16B;r Mu&#x1E25;ammad ibn A&#x1E25;mad al-Azhar&#x12B; ; &#x1E25;aqqaqahu wa-qaddama la-hu &#x2BB;Abd al-S&#x101;l&#x101;m Mu&#x1E25;ammad H&#x101;r&#x16B;n ; r&#x101;ja&#x2BB;ahu Mu&#x1E25;ammad &#x2BB;Al&#x12B; al-Najj&#x101;r.</subfield>
  </datafield>
  <datafield tag="260" ind1=" " ind2=" ">
    <subfield code="a">al-Q&#x101;hirah :</subfield>
    <subfield code="b">al-D&#x101;r al-Mi&#x1E63;r&#x12B;yah lil-Ta&#x2BC;l&#x12B;f wa-al-Tarjamah,</subfield>
    <subfield code="c">1966.</subfield>
  </datafield>
  <datafield tag="300" ind1=" " ind2=" ">
    <subfield code="a">v. ;</subfield>
    <subfield code="c">28 cm.</subfield>
  </datafield>
  <datafield tag="440" ind1=" " ind2="0">
    <subfield code="a">Tur&#x101;thun&#x101; (Cairo, Egypt)</subfield>
  </datafield>
  <datafield tag="500" ind1=" " ind2=" ">
    <subfield code="a">Title on added t.p.: Tahz&#x12B;b el-loghah.</subfield>
  </datafield>
  <datafield tag="500" ind1=" " ind2=" ">
    <subfield code="a">Editors vary.</subfield>
  </datafield>
  <datafield tag="500" ind1=" " ind2=" ">
    <subfield code="a">Vol. 15 has imprint: al-Q&#x101;hirah : D&#x101;r al-K&#x101;tib al-&#x2BB;Arab&#x12B; li-l-&#x1E6C;ib&#x101;&#x2BB;ah wa-al-Nashr, 1967.</subfield>
  </datafield>
  <datafield tag="650" ind1=" " ind2="0">
    <subfield code="a">Arabic language</subfield>
    <subfield code="v">Dictionaries</subfield>
    <subfield code="v">Early works to 1700.</subfield>
  </datafield>
  <datafield tag="700" ind1="1" ind2=" ">
    <subfield code="a">H&#x101;r&#x16B;n, &#x2BB;Abd al-Sal&#x101;m Mu&#x1E25;ammad.</subfield>
  </datafield>
  <datafield tag="700" ind1="1" ind2=" ">
    <subfield code="a">Najjar, Mu&#x1E25;ammad &#x2BB;Al&#x12B;.</subfield>
  </datafield>
  <datafield tag="740" ind1="0" ind2=" ">
    <subfield code="a">Tahz&#x12B;b el-loghah.</subfield>
  </datafield>
  <datafield tag="999" ind1=" " ind2=" ">
    <subfield code="c">49263</subfield>
    <subfield code="d">49263</subfield>
  </datafield>
</record>
